| 000 | 00446nam a2200169Ia 4500 | ||
|---|---|---|---|
| 008 | 230917s9999||||xx |||||||||||||| ||und|| | ||
| 020 | _cRS895 | ||
| 040 |
_e247810 _aMAIN |
||
| 041 | _aEnglish | ||
| 082 | _a338.4791 R561T | ||
| 100 | _aRobinson, Peter, ed. | ||
| 245 | 0 | _aTourism: The key concepts | |
| 260 |
_aOxon _bRoutledge _c2017 |
||
| 300 | _axxxi, 336 p. | ||
| 500 | _a3133 28/05/2018 RBP18/71516 18/06/2018 Main Budget | ||
| 942 | _cBK | ||
| 999 |
_c26896 _d26896 |
||